Australian Federal Electoral Divisions - South Australia - Statistics

General Stats
  • This quiz has been taken 23 times
  • The average score is 7 of 10
Answer Stats
Hint Answer % Correct
A Adelaide
100%
G Grey
80%
B Boothby
67%
M Mayo
67%
S Sturt
67%
B Barker
60%
H Hindmarsh
60%
K Kingston
53%
M Makin
53%
S Spence
53%
No matching quizzes found
Score Distribution
Percent of People with Each Score
Percentile by Number Answered
Your Score History
You have not taken this quiz